000
00245 a2200097 4500
001
52371
100
_a
Chirlin P
245
_a
Analysis & Design of Integrated electronic Circuits
260
_a
New York
_b
Harper & Row
_c
090
_c
32947
_d
32947
942
_a
NUST-CAE
_c
M
_c
25499
999
_c
287444
_d
287444